000 00433nam a2200157Ia 4500
008 140626s9999 xx 000 0 und d
100 _aClaussen, Dane.
245 _aBlowing up the curriculum, part II /
_c Dane.Claussen
260 _cc2012.
300 _a67 : 1, page 3
440 _aJournalism and Mass Communication Educator
521 _aMC
650 _aCommunication.
650 _aCurriculum development.
942 _cSE
999 _c121213
_d121213